000 00960nam a22003377a 4500
001 0006164
003 KOHA_MİRAKIL
005 20260207001513.0
007 ta
008 090626b1996 tu |||gr||||#||||0|tur |
020 _a9757891126
040 _aTR-BiSEU
_btur
_cTR-BiSEU
_erda
041 0 _atur
044 _ctu
050 _aJS6952.A2
_bG64 1996
100 1 _aGökaçtı, M. Ali.
245 1 _aDünyada ve Türkiye'de belediyecilik/
_cM. Ali Gökaçtı ; M. Ali Gökaçtı.
264 1 _aİstanbul :
_bOzan Yayıncılık
_c1996
300 _a166 sayfa; 20 cm.
336 _ametin
_btxt
_2rdacontent
337 _aaracısız
_bn
_2rdamedia
338 _acilt
_bnc
_2rdacarrier
490 0 _aYayın no.
490 0 _a14
500 _aKaynakça var.
650 0 _aBelediyeler--Türkiye--Tarih.
_915212
650 0 _aMunicipal government--Turkey--History.
_915213
830 0 _aYayın no.
_91619
830 0 _a14
_96445
942 _2lcc
_cBK
999 _c6145
_d6145